Postulaty zmian w szlacheckim wymiarze sprawiedliwości w mazowieckich laudach sejmikowych w latach 1587-1648
| Titel: | Postulaty zmian w szlacheckim wymiarze sprawiedliwości w mazowieckich laudach sejmikowych w latach 1587-1648 |
|---|---|
| Verfasser: | |
| In: |
Kultura - instytucje - gospodarka w XVI - XVIII stuleciu, (2007), Seite 51-70 alle Artikel anzeigen |
| Veröffentlicht: | 2007 |
| Format: | Aufsatz |
| Sprache: | Polnisch |
X
alg: 39441849 001A $01999:12-11-16 001B $01999:01-06-17 $t17:45:51.000 001D $01999:12-11-16 001U $0utf8 001X $00 002@ $0Aox 003@ $0394418492 007A $0394418492 $aHEB 007T $0Herdkk00032825 010@ $apol 011@ $a2007 021A $aPostulaty zmian w szlacheckim wymiarze sprawiedliwości w mazowieckich laudach sejmikowych w latach 1587-1648 028A $aMoniuszko $dAdam 031A $h51-70 $j2007 037A $aangl. res.: Postulates for Changes of the Gentry's Administration of Justice in Resolutions of the Masovian Dietines between 1587 and 1648 039B $aIn $8--AFu--. Nad społeczeństwem staropolskim ; 1. Kultura - instytucje - gospodarka w XVI - XVIII stuleciu. - Białystok : Ośrodek Badań Europy Środkowo-Wschodniej, 2007. - 491 S.. - ISBN 978-83-925772-0-1 $x200700000000000949 $9199014388 lok: 39441849 78 exp: 39441849 78 1 #EPN 201B/01 $026-04-18 $t22:58:50.000 201U/01 $0utf8 203@/01 $0790528908 208@/01 $a12-11-16 $be 209A/01 $a/ $f000 $x00 220C/01 $aHerkunft: PBB/IH PAN 244Z/01 $2Trx $#Poola $#Lenkija $#Polija $#Polen Land $#Poland $#Lengyelország $#Poľsko $#Polsko $8--Trx--Polska$gkraj $x01 $9391345966 244Z/01 $#Masowien $#Mazowsze $74037853-6 $8--Tg1--Masowien $x02 $9085103284 244Z/01 $aGeschichte 1587-1648 $x03 244Z/01 $2Trx $8--Trx--Einzelbeiträge $x04 $9391384570 247C/01 $82080>Marburg/Lahn, Herder-Institut, Forschungsbibliothek, Bibliographieportal $9336309341
| LEADER | 00000caa a22000002c 4500 | ||
|---|---|---|---|
| 001 | 394418492 | ||
| 003 | DE-603 | ||
| 005 | 20170601174551.0 | ||
| 007 | tu | ||
| 008 | 161112s2007 xx |||| | u00||u|pol c | ||
| 035 | |a (DE-599)HEB394418492 | ||
| 040 | |a DE-603 |b ger |c DE-603 |d DE-603 | ||
| 041 | |a pol | ||
| 100 | 1 | |a Moniuszko, Adam | |
| 245 | 0 | 0 | |a Postulaty zmian w szlacheckim wymiarze sprawiedliwości w mazowieckich laudach sejmikowych w latach 1587-1648 |
| 264 | 0 | |c 2007 | |
| 500 | |a angl. res.: Postulates for Changes of the Gentry's Administration of Justice in Resolutions of the Masovian Dietines between 1587 and 1648 | ||
| 773 | 0 | 8 | |i In |t Kultura - instytucje - gospodarka w XVI - XVIII stuleciu |d Białystok : Ośrodek Badań Europy Środkowo-Wschodniej, 2007 |h 491 S. |z 9788392577201 |g (2007), Seite 51-70 |w (DE-603)199014388 |
| 924 | 0 | |9 2080 |a (DE-603)790528908 |b DE-2080 |c HES |d d |g / | |


